| 000 | 00430nam a2200181Ia 4500 | ||
|---|---|---|---|
| 003 | STCL | ||
| 008 | 221019s9999 xx 000 0 und d | ||
| 020 | _a9781526652300 | ||
| 040 |
_aSTCL _cSTCL _bEN |
||
| 082 | _222 | ||
| 100 | _aLockwood, Patricia | ||
| 245 | 0 | _aNo one is talking about this | |
| 260 |
_bBloomsbury Circus _aNew Delhi _c2021 |
||
| 300 | _a210 p | ||
| 365 | _b599 | ||
| 546 | _aEnglish | ||
| 942 |
_cBK _2DDC _e22 |
||
| 999 |
_c88882 _d88882 |
||